Trouvez l'intrus ! - Le département du Gard - Statistiques

Statistiques générales
  • Ce quiz a été pris 26 fois
  • Le résultat moyen est 8 sur 16
Statistiques - réponses
Question Réponse % Correct
Ces cours d’eau bordent ou traversent le département La Durance
83%
Sites et monuments classés du Gard Le Palais des Papes
78%
Des villes labellisées « Art et d’Histoire » Pézenas
67%
Des appellations viticoles situées dans le Gard Corbières
61%
Ces villes se situent dans le département du Gard Lunel
61%
Des curiosités touristiques dans le département Le Pont d’Arc
56%
Les départements limitrophes Drôme
50%
Des gentilés du Gard Nimiens, Nimiennes
50%
Ces photos illustrent des sites du Gard
44%
Les monuments de Nîmes, « la Rome française » Le théâtre Auguste
44%
Les chefs-lieux : la préfecture et les sous-préfecture Uzès
44%
Ces films se situent dans le Gard L’Emmerdeur (L.Ventura)
39%
Des tours célèbres dans le Gard La Tour des Antonins
33%
De grandes entreprises situées dans le département Ducros (épices)
22%
Des personnalités nées dans le Gard Frédéric Mistral
22%
Les spécialités culinaires du Gard Le rogeret des Cévennes
6%
Aucun quiz correspondant
Distribution des résultats
% des personnes avec chaque résultat
Percentile par nombre de réponses
Votre historique - résultats
Vous n’avez pas pris ce quiz